| 000 | 00552nam a2200169 a 4500 | ||
|---|---|---|---|
| 001 | 000042364 | ||
| 005 | 20201002040115.0 | ||
| 008 | 131127s1976 ve 000 0 spa d | ||
| 040 |
_aDO-SdBNP _bspa _cBNPHU |
||
| 082 |
_axxx _bP438a |
||
| 100 | 1 |
_aPérez Alfonzo, Juan Pablo _969440 |
|
| 245 | 1 | 0 |
_aAlternativas / _cIván Loscher, Juan Pablo Pérez Alfonzo ; prólogo Carlos A. Sabino. |
| 260 |
_aCaracas-Venezuela : _bGarbizu and Todtmann, _c1976. |
||
| 300 |
_a186 p. ; _c19 cm. |
||
| 590 | _aInventariado, 2019/VM | ||
| 700 | 1 | 2 |
_aSabino, Carlos A. _91994 |
| 999 |
_c41853 _d41853 |
||